000 01090nam a2200325 i 4500
001 bg
003 KOSZ 005
005 20220927094854.0
008 990506s1984 pl f f |000 0 pol
015 _aPB 1984/9616
020 _a8320804213
035 _a(OCoLC)750569536
040 _aWA N
_cKOSZ 005/HR
_dKOSZ 005/HR
041 0 _apol
080 _a339.13
080 _a(075.8)
100 1 _aWrzosek, Wojciech
_d(1937- )
_eAutor
245 1 0 _aBadanie i kształtowanie rynku /
_cWojciech Wrzosek.
260 _aWarszawa :
_bPańst. Wydaw. Ekonomiczne,
_c1984.
300 _a193, [3] s. ;
_c21 cm.
380 _aKsiążki.
490 1 _aEkonomika i Organizacja Obrotu Towarowego ;
_v3.
658 _aZarządzanie i marketing
655 4 _aPodręczniki akademickie
650 4 _aRynek (ekonomia)
710 2 _aPaństwowe Wydawnictwo Ekonomiczne
_4pbl.
856 _uhttp://koha.tu.koszalin.pl/cgi-bin/koha/opac-detail.pl?biblionumber=1089
_yKatalog online BPK
830 0 _aEkonomika i Organizacja Obrotu Towarowego
_v3
942 _2UKD
_cKS
999 _c1089
_d1089